[Event "EU-chT (Men) 16th"]
[Site "Heraklion"]
[Date "2007.11.06"]
[Round "9.4"]
[White "Spice, Alan"]
[Black "Balinov, Ilia"]
[Result "0-1"]
[WhiteElo "2170"]
[BlackElo "2475"]
[PlyCount "116"]
[EventDate "2007.10.28"]
[EventType "team-swiss"]
[EventRounds "9"]
[EventCountry "GRE"]
[SourceTitle "CBM 121"]
[Source "ChessBase"]
[SourceDate "2007.11.14"]
[SourceVersion "1"]
[SourceVersionDate "2007.11.14"]
[SourceQuality "1"]
[WhiteTeam "Wales"]
[BlackTeam "Austria"]
[WhiteTeamCountry "WLS"]
[BlackTeamCountry "AUT"]

1. Nc3 c5 2. Nf3 Nc6 3. d4 cxd4 4. Nxd4 Nf6 5. e4 d6 6. Bg5 e6 7. Qd2 a6 8. 0-0-0 Bd7 9. f4 h6 10. Bh4 g5 11. fxg5 Ng4 12. Be2 Nge5 13. Nf3 Be7 14. Rhf1 hxg5 15. Bg3 Qa5 16. Kb1 f6 17. h3 0-0-0 18. Nxe5 dxe5 19. Bg4 Kb8 20. Rf3 Bc8 21. Rd3 Rdf8 22. Ne2 Qb6 23. Nc1 Rd8 24. Qe2 Bc5 25. Nb3 Nd4 26. Nxd4 Rxd4 27. c3 Rxd3 28. Rxd3 Qc6 29. b4 Bb6 30. Kb2 Ka8 31. Qd2 Qxe4 32. Rd6 Ba7 33. Rxa6 Qc4 34. Ra3 Rh7 35. Bf3 Kb8 36. Qd6+ Qc7 37. Qxc7+ Rxc7 38. h4 gxh4 39. Bxh4 Rf7 40. b5 Bd7 41. Rb3 Bc5 42. a4 b6 43. Ka2 Kc8 44. Bg3 Rg7 45. Bh2 Rh7 46. Bg3 Rg7 47. Bh2 e4 48. Bxe4 Rg4 49. Bf3 Rxa4+ 50. Kb1 e5 51. Bd5 Bf5+ 52. Kb2 Rh4 53. Bg3 Rh1 54. Ka2 Rd1 55. c4 Bd4 56. Rf3 Bc2 57. Ka3 Ra1+ 58. Kb4 Ra4# 0-1

[Event "EU-chT (Men) 16th"]
[Site "Heraklion"]
[Date "2007.10.29"]
[Round "2.4"]
[White "Balinov, Ilia"]
[Black "Morrison, Graham"]
[Result "1-0"]
[WhiteElo "2475"]
[BlackElo "2322"]
[PlyCount "73"]
[EventDate "2007.10.28"]
[EventType "team-swiss"]
[EventRounds "9"]
[EventCountry "GRE"]
[SourceTitle "CBM 121"]
[Source "ChessBase"]
[SourceDate "2007.11.14"]
[SourceVersion "1"]
[SourceVersionDate "2007.11.14"]
[SourceQuality "1"]
[WhiteTeam "Austria"]
[BlackTeam "Scotland"]
[WhiteTeamCountry "AUT"]
[BlackTeamCountry "SCO"]

1. d4 Nf6 2. Nf3 e6 3. g3 b5 4. Bg2 Bb7 5. 0-0 c5 6. Na3 a6 7. c4 b4 8. Nc2 cxd4 9. Ncxd4 Be7 10. a3 bxa3 11. b3 d5 12. Ne5 Qc7 13. Bf4 Bd6 14. cxd5 Bxe5 15. Rc1 Bxf4 16. Rxc7 Bxc7 17. d6 Bxg2 18. dxc7 Bb7 19. Nxe6 Nbd7 20. Nxg7+ Kf8 21. Nf5 Bd5 22. Qc1 Rc8 23. Qxa3+ Kg8 24. Rc1 Be6 25. Qxa6 Ne5 26. Qd6 Ned7 27. Qa6 Ne5 28. Qa5 Ng6 29. Nd6 Kg7 30. Nxc8 Rxc8 31. Qc3 Nf8 32. b4 N8d7 33. b5 Kg6 34. Qd3+ Bf5 35. Qd6 Be6 36. b6 Bd5 37. f3 1-0

[Event "AUT-ch"]
[Site "Tweng"]
[Date "2007.08.??"]
[Round "2"]
[White "Balinov, Ilia"]
[Black "Pachta, Paul"]
[Result "1-0"]
[WhiteElo "2499"]
[BlackElo "2266"]
[PlyCount "77"]
[EventDate "2007.08.??"]
[EventType "swiss"]
[EventRounds "9"]
[EventCountry "AUT"]
[SourceTitle "CBM 119 Extra"]
[Source "ChessBase"]
[SourceDate "2007.09.04"]
[SourceVersion "1"]
[SourceVersionDate "2007.09.04"]
[SourceQuality "1"]

1. c4 Nf6 2. Nc3 e6 3. e4 e5 4. Nf3 Nc6 5. d4 exd4 6. Nxd4 Bc5 7. Nxc6 dxc6 8. Qxd8+ Kxd8 9. Bg5 Ke8 10. f3 Be6 11. 0-0-0 Nd7 12. Bf4 Rc8 13. Nd5 Bd6 14. Bd2 cxd5 15. cxd5 Bxd5 16. exd5 f6 17. g3 Rd8 18. Bh3 Nc5 19. Kc2 Kf7 20. b4 Nd7 21. Be6+ Kg6 22. h4 h5 23. g4 Ne5 24. Rh3 Nc4 25. Bc1 b5 26. Rg1 hxg4 27. Rxg4+ Kh7 28. f4 Rhe8 29. f5 Ne5 30. Rg2 c6 31. h5 Re7 32. h6 g5 33. fxg6+ Nxg6 34. Bf5 Rg8 35. dxc6 Rc7 36. Kb3 Be5 37. Bb2 a6 38. Bxe5 fxe5 39. Rxg6 1-0

[Event "AUT-ch"]
[Site "Tweng"]
[Date "2007.08.??"]
[Round "7"]
[White "Baumegger, Siegfried"]
[Black "Balinov, Ilia"]
[Result "1-0"]
[WhiteElo "2434"]
[BlackElo "2499"]
[PlyCount "53"]
[EventDate "2007.08.??"]
[EventType "swiss"]
[EventRounds "9"]
[EventCountry "AUT"]
[SourceTitle "CBM 119 Extra"]
[Source "ChessBase"]
[SourceDate "2007.09.04"]
[SourceVersion "1"]
[SourceVersionDate "2007.09.04"]
[SourceQuality "1"]

1. c4 Nf6 2. Nc3 g6 3. e4 d6 4. d4 Bg7 5. Nf3 0-0 6. h3 c5 7. d5 e6 8. Bd3 exd5 9. cxd5 Re8 10. 0-0 c4 11. Bxc4 Nxe4 12. Nxe4 Rxe4 13. Bd3 Re8 14. Bg5 Qb6 15. Nd2 Qxb2 16. Rc1 Bd7 17. Nc4 Qxa2 18. Nxd6 Re5 19. Bf4 Rxd5 20. Qf3 Rxd3 21. Qxd3 Nc6 22. Rfe1 Be6 23. Nxb7 Bd5 24. Re2 Nb4 25. Qb5 Qxe2 26. Qxe2 Bxb7 27. Qb5 1-0

[Event "Oberwart op-A"]
[Site "Oberwart"]
[Date "2007.07.09"]
[Round "3"]
[White "Kaufman, Raymond"]
[Black "Balinov, Ilia"]
[Result "1/2-1/2"]
[WhiteElo "2310"]
[BlackElo "2499"]
[PlyCount "69"]
[EventDate "2007.07.07"]
[EventType "swiss"]
[EventRounds "9"]
[EventCountry "AUT"]
[SourceTitle "CBM 119 Extra"]
[Source "ChessBase"]
[SourceDate "2007.09.04"]
[SourceVersion "1"]
[SourceVersionDate "2007.09.04"]
[SourceQuality "1"]

1. e4 c5 2. Nf3 e6 3. d3 Nc6 4. c3 d5 5. Qe2 Nf6 6. g3 Be7 7. Bg2 b5 8. 0-0 Rb8 9. Bf4 Rb6 10. Ne5 Nxe5 11. Bxe5 0-0 12. a4 Ra6 13. Na3 Rxa4 14. Nxb5 Rxa1 15. Rxa1 Qb6 16. c4 Ba6 17. Nc7 Bb7 18. exd5 exd5 19. Nxd5 Bxd5 20. cxd5 Re8 21. d4 cxd4 22. Qc4 Bc5 23. Ra6 Qxb2 24. Bxf6 Re1+ 25. Bf1 gxf6 26. Rc6 Rc1 27. Qa6 Kg7 28. Qd3 Bb6 29. Qf5 Rxc6 30. Qg4+ Kf8 31. dxc6 h5 32. Qxh5 d3 33. Qf5 d2 34. Qc8+ Kg7 35. Qg4+ 1/2-1/2

[Event "Voesendorf op"]
[Site "Voesendorf"]
[Date "2007.06.09"]
[Round "4"]
[White "Kaiser, Richard"]
[Black "Balinov, Ilia"]
[Result "0-1"]
[WhiteElo "2499"]
[BlackElo "2209"]
[PlyCount "70"]
[EventDate "2007.06.07"]
[EventType "swiss"]
[EventRounds "5"]
[EventCountry "AUT"]
[SourceTitle "EXT 2008"]
[Source "ChessBase"]
[SourceDate "2007.11.25"]
[SourceVersion "1"]
[SourceVersionDate "2007.11.25"]
[SourceQuality "1"]

1. Nf3 d5 2. c4 e6 3. e3 Nf6 4. b3 Bd6 5. Bb2 Nbd7 6. Be2 0-0 7. 0-0 dxc4 8. bxc4 c6 9. d4 Qe7 10. Qc2 e5 11. Nc3 Re8 12. Rfe1 b6 13. a4 e4 14. Nd2 Nf8 15. f3 Qc7 16. f4 Bf5 17. Qd1 Qd7 18. Nf1 Ng6 19. Ng3 Nh4 20. a5 Rad8 21. axb6 axb6 22. Qa4 h6 23. Qa7 Bc7 24. d5 Bd6 25. Nxf5 Qxf5 26. Qxb6 Qg6 27. g3 Rb8 28. Qxc6 Rxb2 29. Qxd6 Nf3+ 30. Kh1 Qh5 31. h4 Qg4 32. Kg2 Nxh4+ 33. Kh2 Nf3+ 34. Kg2 Nh5 35. f5 Ne5 0-1